[Event "Rheinhessen-ch U16/U18"]
[Site "Oppenheim"]
[Date "2015.01.05"]
[Round "2"]
[White "Heck, Kai Anton"]
[Black "Metzen, Dominique Karl"]
[Result "0-1"]
[WhiteElo "929"]
[BlackElo "1045"]
[PlyCount "102"]
[EventDate "2015.01.03"]
[EventType "swiss"]
[EventRounds "7"]
[EventCountry "GER"]
[SourceTitle "EXT 2017"]
[Source "ChessBase"]
[SourceDate "2016.10.25"]
[SourceVersion "1"]
[SourceVersionDate "2016.10.25"]
[SourceQuality "1"]

1. e4 e5 2. Nf3 Nc6 3. Nc3 Nf6 4. Bb5 d6 5. d3 a6 6. Ba4 b5 7. Bb3 Na5 8. Bg5 c6 9. 0-0 Nxb3 10. axb3 Be7 11. Qd2 0-0 12. Qe3 c5 13. Bxf6 Bxf6 14. Rfe1 Be6 15. Nd5 Bd7 16. c3 a5 17. c4 b4 18. h3 a4 19. Nd2 Bg5 20. f4 Bh6 21. Rf1 Ra7 22. Kh2 Qh4 23. bxa4 Rxa4 24. Rxa4 Bxa4 25. b3 Bd7 26. Qg3 Qxg3+ 27. Kxg3 f5 28. exf5 Bxf5 29. Ne4 Bxe4 30. dxe4 exf4+ 31. Nxf4 g5 32. Rd1 gxf4+ 33. Kf3 Rd8 34. g4 fxg3 35. Kxg3 Kf7 36. Rd5 Bg7 37. Kf4 Ke6 38. Ke3 Be5 39. Ke2 Kf6 40. Kf3 Kg5 41. Kg2 Kf4 42. Kf2 Kxe4 43. Ke2 Rg8 44. Rd3 Rg2+ 45. Kf1 Kxd3 46. Kxg2 Kc3 47. Kf3 Kxb3 48. Kg4 Kxc4 49. h4 b3 50. Kf3 b2 51. h5 b1Q 0-1

[Event "Rheinhessen-ch U16/U18"]
[Site "Oppenheim"]
[Date "2015.01.05"]
[Round "3"]
[White "Heck, Kai Anton"]
[Black "Scholze, Josua"]
[Result "0-1"]
[WhiteElo "929"]
[BlackElo "1154"]
[PlyCount "119"]
[EventDate "2015.01.03"]
[EventType "swiss"]
[EventRounds "7"]
[EventCountry "GER"]
[SourceTitle "EXT 2017"]
[Source "ChessBase"]
[SourceDate "2016.10.25"]
[SourceVersion "1"]
[SourceVersionDate "2016.10.25"]
[SourceQuality "1"]

1. e4 e5 2. Nf3 Nf6 3. Nc3 Nc6 4. Bb5 a6 5. Bxc6 bxc6 6. Nxe5 Qe7 7. Nf3 Nxe4 8. Qe2 Nxc3 9. Qxe7+ Bxe7 10. bxc3 0-0 11. 0-0 d6 12. h3 Bf5 13. d3 Bf6 14. Nd4 Bd7 15. Rb1 c5 16. Ne2 Rfe8 17. Re1 Bxc3 18. Rf1 Rxe2 19. Rb7 Ba5 20. Rb2 Bc3 21. Rb7 Rc8 22. Bb2 Rxc2 23. Bxc3 Rxc3 24. Re1 Be6 25. f4 g6 26. g4 Kf8 27. Re3 c4 28. Kf2 cxd3 29. Ke1 Bxa2 30. Kd2 Rc2+ 31. Kxd3 Rc4 32. Re2 Ra4 33. Rbb2 Bc4+ 34. Kd2 Bxe2 35. Kxe2 Rxf4 36. h4 Rxg4 37. Kf3 Rxh4 38. Kg3 Rc4 39. Ra2 Rb8 40. Ra3 Rbb4 41. Kf3 Rh4 42. Kg3 Rbg4+ 43. Kf3 Rh3+ 44. Kxg4 Rxa3 45. Kf4 Ra5 46. Ke4 Ke7 47. Kd4 Ke6 48. Kc4 Ra4+ 49. Kb3 Rh4 50. Ka3 Kd5 51. Kb3 Kc5 52. Kc3 Rh3+ 53. Kd2 Kd4 54. Ke2 Ra3 55. Kf2 Ke4 56. Kg2 Kf4 57. Kh2 Kg4 58. Kg2 Ra2+ 59. Kf1 Kf3 60. Ke1 0-1

[Event "Rheinhessen-ch U14"]
[Site "Heidesheim"]
[Date "2013.01.19"]
[Round "7.8"]
[White "Arnold, Lukas"]
[Black "Heck, Kai Anton"]
[Result "1/2-1/2"]
[WhiteElo "883"]
[BlackElo "874"]
[PlyCount "39"]
[EventDate "2013.01.19"]
[EventType "swiss"]
[EventRounds "7"]
[EventCountry "GER"]
[SourceTitle "EXT 2014"]
[Source "ChessBase"]
[SourceDate "2013.11.20"]
[SourceVersion "1"]
[SourceVersionDate "2013.11.20"]
[SourceQuality "1"]

1. e4 e5 2. d3 Nc6 3. Nf3 d6 4. g3 Nf6 5. Bg2 Be7 6. 0-0 0-0 7. Be3 Be6 8. Nbd2 Qd7 9. Qe2 Bg4 10. Rab1 Bxf3 11. Nxf3 h6 12. a3 a6 13. b4 b5 14. Rbc1 d5 15. a4 d4 16. Bd2 Bxb4 17. axb5 axb5 18. Rb1 Bxd2 19. Qxd2 Rfb8 20. c3 1/2-1/2

[Event "Rheinhessen-ch U14"]
[Site "Heidesheim"]
[Date "2013.01.19"]
[Round "4.11"]
[White "Heck, Kai Anton"]
[Black "Seibert, Amadeus"]
[Result "0-1"]
[WhiteElo "874"]
[BlackElo "873"]
[PlyCount "38"]
[EventDate "2013.01.19"]
[EventType "swiss"]
[EventRounds "7"]
[EventCountry "GER"]
[SourceTitle "EXT 2014"]
[Source "ChessBase"]
[SourceDate "2013.11.20"]
[SourceVersion "1"]
[SourceVersionDate "2013.11.20"]
[SourceQuality "1"]

1. e4 e5 2. Nf3 Nf6 3. Nc3 Nc6 4. Bb5 d6 5. 0-0 Be7 6. d3 0-0 7. Bxc6 bxc6 8. Bg5 Rb8 9. b3 c5 10. Nd5 Nxd5 11. Bxe7 Nxe7 12. c4 Nc6 13. a4 Bg4 14. Rb1 Nd4 15. h3 Bxf3 16. gxf3 Qh4 17. Kh2 Qh5 18. Rg1 Nxf3+ 19. Kh1 Qxh3# 0-1

[Event "Rheinhessen-ch U14"]
[Site "Heidesheim"]
[Date "2013.01.19"]
[Round "1.3"]
[White "Loesch, Adrian Frederic"]
[Black "Heck, Kai Anton"]
[Result "1-0"]
[WhiteElo "1344"]
[BlackElo "874"]
[PlyCount "79"]
[EventDate "2013.01.19"]
[EventType "swiss"]
[EventRounds "7"]
[EventCountry "GER"]
[SourceTitle "EXT 2014"]
[Source "ChessBase"]
[SourceDate "2013.11.20"]
[SourceVersion "1"]
[SourceVersionDate "2013.11.20"]
[SourceQuality "1"]

1. c4 e5 2. g3 Nc6 3. Bg2 d6 4. Nc3 Be6 5. d3 Nf6 6. Bg5 Be7 7. Nf3 0-0 8. 0-0 Nd4 9. Nxd4 exd4 10. Bxf6 Bxf6 11. Ne4 Rb8 12. Nxf6+ Qxf6 13. b4 a6 14. Qc2 c5 15. Rfb1 b5 16. cxb5 Rxb5 17. bxc5 Rxc5 18. Qd2 Bd5 19. Rb6 Bxg2 20. Kxg2 a5 21. Ra6 Rf5 22. f4 Re8 23. Re1 Qd8 24. Qb2 Rd5 25. Qb7 Rf5 26. Qc6 Re6 27. Ra8 Qf8 28. Rxf8+ Kxf8 29. Kf2 Ke7 30. Rb1 Kf6 31. Rb5 d5 32. Qd7 Rh5 33. h4 Rh6 34. Qxd5 g6 35. Rxa5 Rh5 36. Qd8+ Re7 37. Rxh5 gxh5 38. Kf3 h6 39. Qxe7+ Kxe7 40. Ke4 1-0